[Event "Curitiba Parana op"]
[Site "Curitiba"]
[Date "2023.04.21"]
[Round "1"]
[White "Abilhoa, Felipe Auer"]
[Black "Segato, Pedro Henrique Pedr"]
[Result "0-1"]
[WhiteElo "1241"]
[BlackElo "2010"]
[PlyCount "70"]
[EventDate "2023.04.21"]
[EventType "swiss"]
[EventRounds "6"]
[EventCountry "BRA"]
[SourceTitle "CBM 214 Extra"]
[Source "ChessBase"]
[SourceDate "2023.07.31"]
[SourceVersion "1"]
[SourceVersionDate "2023.07.31"]
[SourceQuality "1"]

1. e4 e6 2. Bc4 d5 3. exd5 exd5 4. Bb3 Nf6 5. d4 h6 6. Nf3 Bd6 7. 0-0 0-0 8. Nc3 c6 9. Re1 Bg4 10. h3 Bh5 11. Be3 Nbd7 12. Qd2 b5 13. a3 Qc7 14. Rad1 a5 15. Ba2 b4 16. Nb1 Rfb8 17. Qe2 bxa3 18. Nxa3 Rxb2 19. Ra1 Bxa3 20. Bb3 Bb4 21. Rf1 Bc3 22. Bc1 Rxb3 23. cxb3 Bxa1 24. Bxh6 gxh6 25. Rxa1 Qf4 26. Re1 Re8 27. Qd1 Rxe1+ 28. Qxe1 Bxf3 29. gxf3 Qxf3 30. Qxa5 Qxh3 31. Qc7 Qg4+ 32. Kh1 Ne4 33. Qxc6 Qf3+ 34. Kh2 Qxf2+ 35. Kh3 Qg3# 0-1

[Event "Niteroi op 2nd"]
[Site "Niteroi"]
[Date "2022.09.05"]
[Round "7"]
[White "Segato, Pedro Henrique Pedr"]
[Black "Lima, Kleyton Alcantara"]
[Result "1/2-1/2"]
[WhiteElo "1947"]
[BlackElo "2107"]
[PlyCount "56"]
[EventDate "2022.09.01"]
[EventType "swiss"]
[EventRounds "9"]
[EventCountry "BRA"]
[SourceTitle "CBM 210 Extra"]
[Source "ChessBase"]
[SourceDate "2022.11.30"]
[SourceVersion "1"]
[SourceVersionDate "2022.11.30"]
[SourceQuality "1"]

1. d4 Nf6 2. Nf3 e6 3. c4 Bb4+ 4. Nbd2 0-0 5. a3 Be7 6. e4 c5 7. d5 exd5 8. exd5 Re8 9. Be2 b5 10. b3 d6 11. 0-0 bxc4 12. bxc4 Bf8 13. Bd3 g6 14. Qc2 Bg7 15. Bb2 Nbd7 16. Rfe1 Nb6 17. Rxe8+ Qxe8 18. Re1 Qd8 19. Ne4 Nxe4 20. Bxg7 Kxg7 21. Rxe4 Qf6 22. Re1 Ba6 23. a4 Rb8 24. a5 Nd7 25. Qa4 Ne5 26. Nxe5 dxe5 27. Qa3 Qd6 28. Qc3 f6 1/2-1/2

[Event "Niteroi op 2nd"]
[Site "Niteroi"]
[Date "2022.09.04"]
[Round "5"]
[White "Segato, Pedro Henrique Pedr"]
[Black "Dioscanio, Rafael Cacador"]
[Result "1-0"]
[WhiteElo "1947"]
[BlackElo "1787"]
[PlyCount "67"]
[EventDate "2022.09.01"]
[EventType "swiss"]
[EventRounds "9"]
[EventCountry "BRA"]
[SourceTitle "CBM 210 Extra"]
[Source "ChessBase"]
[SourceDate "2022.11.30"]
[SourceVersion "1"]
[SourceVersionDate "2022.11.30"]
[SourceQuality "1"]

1. d4 d5 2. Bf4 Nf6 3. e3 Bf5 4. Nd2 e6 5. Ngf3 Bd6 6. Bg5 Nbd7 7. Nh4 Be7 8. Nxf5 exf5 9. f3 Nh5 10. Bxe7 Qxe7 11. Qe2 0-0-0 12. 0-0-0 Nhf6 13. Qf2 Nb6 14. Bd3 g6 15. Rhe1 Qb4 16. c3 Qa4 17. Kb1 Nc4 18. Nxc4 dxc4 19. Bc2 Qa5 20. e4 Rd6 21. e5 Ra6 22. exf6 Qxa2+ 23. Kc1 Rxf6 24. Bb1 Qa6 25. Re5 Re6 26. Rde1 Rd8 27. Rxe6 fxe6 28. Qh4 c5 29. dxc5 Qc6 30. Qe7 Re8 31. Qxh7 g5 32. Qg6 Re7 33. Bxf5 Qxc5 34. Rxe6 1-0

[Event "Timbo op 2nd"]
[Site "Timbo"]
[Date "2022.02.19"]
[Round "5"]
[White "Segato, Pedro Henrique Pedr"]
[Black "Mayara Sibowicz, Giovanna"]
[Result "1-0"]
[WhiteElo "1974"]
[BlackElo "1589"]
[PlyCount "67"]
[EventDate "2022.02.17"]
[EventType "swiss"]
[EventRounds "7"]
[EventCountry "BRA"]
[SourceTitle "EXT 2023"]
[Source "ChessBase"]
[SourceDate "2022.10.05"]
[SourceVersion "1"]
[SourceVersionDate "2022.10.05"]
[SourceQuality "1"]

1. Nf3 Nf6 2. b3 d6 3. d4 Nbd7 4. Bb2 g6 5. e3 Bg7 6. Be2 0-0 7. 0-0 b6 8. c4 d5 9. Nc3 dxc4 10. bxc4 c5 11. d5 Ne8 12. Re1 Nd6 13. Na4 Nf6 14. Nd2 e6 15. Bf3 exd5 16. cxd5 Nd7 17. Bxg7 Kxg7 18. Nc3 Ne5 19. Be2 f5 20. Nf3 Nef7 21. Qc2 Bb7 22. Rac1 Qf6 23. a4 Rfe8 24. a5 Rad8 25. axb6 axb6 26. Nd2 Ng5 27. Na4 Nc8 28. Bb5 Re5 29. f4 Rexd5 30. fxg5 Qxg5 31. Qc3+ Kh6 32. Bf1 Rd3 33. Qa1 Re8 34. Nf3 1-0